000 01319nam a22002057a 4500
999 _c58690
_d58690
003 Ge_BSU
005 20220629131849.0
008 220629s2021 ge ||||| |||| 00| 0 geo d
041 _ageo
080 _a635 ს-31
245 _aსატაცური :
_bსატაცურის წარმოების აგროტექნოლოგია /
_cგარემოს დაცვითი ინფორმაციისა და განათლების ცენტრი.
264 _c2021.
300 _a21 გვ.
_bილ. ;
_c30 სმ.
504 _aბიბლიოგრ. გვ. 21
653 _aსატაცური
653 _aწარმოების აგროტექნოლოგია
710 _aგარემოს დაცვითი ინფორმაციისა და განათლების ცენტრი.
_914245
856 _uhttps://gfa.org.ge/wp-content/uploads/2018/11/%E1%83%A1%E1%83%90%E1%83%A2%E1%83%90%E1%83%AA%E1%83%A3%E1%83%A0%E1%83%98%E1%83%A1-%E1%83%AC%E1%83%90%E1%83%A0%E1%83%9B%E1%83%9D%E1%83%94%E1%83%91%E1%83%98%E1%83%A1-%E1%83%90%E1%83%92%E1%83%A0%E1%83%9D%E1%83%A2%E1%83%94%E1%83%A5%E1%83%9C%E1%83%9D%E1%83%9A%E1%83%9D%E1%83%92%E1%83%98%E1%83%90.pdf
_yელ. ვერსია. pdf.
942 _2udc
_cBK